| 000 | 00694nam a2200229 a 4500 | ||
|---|---|---|---|
| 001 | 51485 | ||
| 003 | BD-RjUL | ||
| 005 | 20211209075652.0 | ||
| 008 | 160831s1962 ii 000 0 eng | ||
| 035 | _a(BD-RjUL)51605 | ||
| 040 |
_aDLC _cDLC _dBD-RjUL _beng |
||
| 041 | _aeng | ||
| 082 | 0 | 0 |
_a348.54 _223 _bDEA 1962 |
| 100 | 1 |
_aDesai, B. R. _9142004 |
|
| 245 | 0 | 0 |
_aAll-India point-noted index of overruled & reversed cases, 1811-1971 / _cB R Desai revised by S N Bagga |
| 250 | _a16th ed. | ||
| 260 |
_aAllahabad : _bLaw Book Co., _c1962. |
||
| 300 |
_axi, 540 p. ; _c24 cm. |
||
| 650 | 0 |
_aAnnotations and citations (Law) _zIndia. _9142005 |
|
| 700 |
_aBagga, S N _9219279 |
||
| 942 |
_2ddc _cBK |
||
| 999 |
_c51485 _d51485 |
||